Diaspora of the Philippines - Statistics

General Stats
  • This quiz has been taken 4,204 times
    3,194 since last reset
  • The average score is 11 of 15
Answer Stats
Number Country % Correct
4,037,564 United States
97%
199,123 China
94%
851,410 Canada
90%
260,553 Japan
90%
112,000 United Kingdom
85%
232,386 Australia
79%
115,362 Spain
71%
325,089 Malaysia
66%
163,000 Singapore
64%
1,020,000 Saudi Arabia
63%
679,819 UAE
63%
108,520 Taiwan
59%
113,686 Italy
56%
195,558 Qatar
49%
250,000 Kuwait
45%
No matching quizzes found
Score Distribution
Percent of People with Each Score
Percentile by Number Answered
Your Score History
You have not taken this quiz since the last reset